| 000 | 00580nam a2200241 a 4500 | ||
|---|---|---|---|
| 001 | nice12345678 | ||
| 003 | IN_TiNIC | ||
| 005 | 20260116011958.0 | ||
| 008 | 050524s1974 shia grp 000 0 urd | ||
| 020 |
_a _c100 |
||
| 082 | 0 | 0 |
_a297.86 _bISM |
| 100 | _aIsmail, Muhammad | ||
| 245 | _aAath Hazar Qadianion Ka Qabul-E-Islam. | ||
| 260 |
_aShimla _bIndian Institute _c1974 |
||
| 300 | _a17p | ||
| 500 | _aincludes index and biblioraphy | ||
| 505 | 2 | _aIndex | |
| 650 | _aAhmadiyyah | ||
| 700 | 1 | _aIsmail, Muhammad | |
| 902 | _bSRS | ||
| 942 | _cBK | ||
| 999 |
_c5142 _d5142 |
||